000 00934pam a2200277 a 4500
001 016026403
003 OSt
005 20160207143204.0
008 120202s2013 njua 001 0 eng d
020 _a9781118092309 (pbk.) :
020 _a1118092309 (pbk.) :
082 0 4 _a658.4038011
_bRAI
_222
100 1 _aRainer, R. Kelly
_q(Rex Kelly)
_919155
245 1 0 _aIntroduction to information systems /
_cR. Kelly Rainer, Casey G. Cegielski.
250 _a4th ed., International student version /
260 _aHoboken, N.J. :
_bWiley ;
_cc2013.
300 _axiv, 466 p. :
_bill. ;
_c26 cm.
500 _aIncludes index.
650 0 _aInformation technology.
_934387
_2BUEsh
650 0 _aManagement information systems.
_934388
_2BUEsh
650 0 _aBusiness enterprises
_xComputer networks.
_934389
_2BUEsh
651 _2BUEsh
653 _cNovember2013
700 1 _aCegielski, Casey G.
_934390
942 _2ddc
_cBB
_k658.05 RAI
999 _c17737
_d17709